000 00608nam a22002177a 4500
003 OSt
005 20240703021829.0
006 a
008 240703b |||||||| |||| 00| 0 eng d
020 _a9789710445257
040 _aDWCL-Main lib.
_cOC
082 _aFil. 519.5 P129s 2008
100 _aPagala, Renante C.
245 _aStatistics /
260 _aManila :
_bMindshapers Co., Inc.,
_cc2008.
300 _axii,
_b357 p. : ill. ;
_c23 cm.
504 _aIncludes bibliographical references.
650 _a1. Statistical mathematics.
650 _a2. Statistics.
942 _2ddc
_n0
_cBK-FIL
_kFil.
999 _c1855
_d1855